Statistics for Full House Quiz

Click here to take the quiz!

General Stats

  • This quiz has been taken 40 times
  • The average score is 14 of 15

Answer Stats

HintAnswer% Correct
Jesse's wifeBecky
100%
DadDanny
100%
Oldest daughterDJ
100%
Dad's brother-in-lawJesse
100%
Dad's best friendJoey
100%
DJ's best friendKimmy
100%
Youngest daughterMichelle
100%
Middle daughterStephanie
100%
DJ's high school boyfriendSteve
97%
Name of the family's dogComet
94%
Danny and Becky's showWake up, San Francisco
94%
Joey's catchphraseCut it out!
87%
Their twin boysNicky and Alex
87%
Name of theme songEverywhere you look
84%
Stephanie's favourite toyMr Bear
81%

Score Distribution

Percentile by Number Answered

Percent of People with Each Score

Your Score History

You have not taken this quiz